000 00508nam a22001697a 4500
999 _c9090
_d9090
008 210323b ||||| |||| 00| 0 eng d
040 _aBMS College of Architecture
100 _aFatima, Heena
245 _aTourist center Gokarna
300 _a107p.
500 _a1BM06AT012
502 _8B.Arch
_NBMS College of Architecture, Visvesvaraya Technological University
_aProject report
_d2011
650 _aGokarna
700 _aSindhu Srikanth
_eGuide
700 _aK R Madhu Chand
_eGuide
942 _2ddc
_cTHE